En el país de la autonomía.
שמור ב:
| מחבר ראשי: | |
|---|---|
| פורמט: | ספר |
| שפה: | ספרדית |
| סדרה: | (Biblioteca pedagógica ;
no. 16) |
| נושאים: | |
| תגים: |
אין תגיות, היה/י הראשונ/ה לתייג את הרשומה!
|
MARC
| LEADER | 00000cam^a2200000uu^4500 | ||
|---|---|---|---|
| 001 | 000479932 | ||
| 005 | 20250521000000.0 | ||
| 008 | 050901s1985^^^^^^^^^^^^rd^r^^000^0^spa^d | ||
| 009 | 20260310124950.788 | ||
| 022 | |a 9686011862 | ||
| 035 | |a FCE 000022939 | ||
| 035 | |a FCE 004118 | ||
| 037 | |a Acervo ITESO - Biblioteca | ||
| 041 | |a spa | ||
| 082 | 0 | 4 | |a 082.1 |b SECa 16 |
| 100 | |a Martínez Assad, Carlos |e (autor) | ||
| 245 | 1 | 0 | |a En el país de la autonomía. |
| 264 | |a México : |b SEP : El Caballito, |c 1985. | ||
| 300 | |a 160 p. | ||
| 336 | |a texto |b txt |2 rdacontenido | ||
| 337 | |a sin mediación |b n |2 rdamedio | ||
| 338 | |a volumen |b nc |2 rdasoporte | ||
| 440 | 0 | |a (Biblioteca pedagógica ; |v no. 16) | |
| 649 | |a XX | ||
| 650 | |a Método de enseñanza | ||
| 650 | |a Autonomía | ||
| 650 | |a Antología | ||
| 650 | |a Educación moderna | ||
| 650 | |a América Latina | ||
| 650 | |a Europa | ||
| 910 | |a Fondo Centro de Estudios Educativos | ||
| 920 | |a Impresos - Libros | ||
| 930 | |a Fondos Especiales | ||
| 905 | |a 133 | ||
| 901 | |a ALE004118 |b IT2 |c CEE |u 20250521 | ||
| 901 | |a ALE045382 |b IT2 |c CEE |u 20250521 | ||
| 901 | |a ALE045383 |b IT2 |c CEE |u 20250521 | ||
| 902 | |a https://opac.biblio.iteso.mx/vufind/Record/000479932 | ||